The Entire 'Tame Impala' Discography (2025) - Statistics

General Stats
  • This quiz has been taken 12 times
  • The average score is 47 of 104
Answer Stats
% Correct
Borderline
89%
Loser
89%
New Person, Same Old Mistakes
89%
Dracula
78%
Elephant
78%
Let It Happen
78%
The Less I Know The Better
78%
Currents
67%
Currents B Sides
67%
Love/Paranoia
67%
Nangs
67%
No Reply
67%
'Cause I'm A Man
56%
Deadbeat
56%
Desire Be Desire Go
56%
Disciples
56%
End Of Summer
56%
Ethereal Connection
56%
Eventually
56%
Is It True
56%
Neverender
56%
New Gold
56%
One More Hour
56%
One More Year
56%
Posthumous Forgiveness
56%
Remember Me
56%
Sundown Syndrome
56%
Sundown Syndrome / Remember Me
56%
Tame Impala
56%
The Sun
56%
Afterthought
44%
Alter Ego
44%
Apocalypse Dreams
44%
Be Above It
44%
Breathe Deeper
44%
Glimmer
44%
I Don't Really Mind
44%
InnerSpeaker
44%
InnerSpeaker B-Sides
44%
Instant Destiny
44%
It Might Be Time
44%
Jeremy's Storm
44%
Lonerism
44%
Lonerism 10 year Anniversary Edition
44%
Lonerism B-Sides
44%
Lost In Yesterday
44%
Lucidity
44%
Mind Mischief
44%
Music To Walk Home By
44%
My Old Ways
44%
No More Lies
44%
Nothing That Has Happened So Far Has Been Anything We Could Control
44%
Not My World
44%
Obsolete
44%
On Track
44%
Patience
44%
Powerlines
44%
See You On Monday (You're Lost)
44%
Skeleton Tiger
44%
Solitude Is Bliss
44%
Sun's Coming Up
44%
Taxi's Here
44%
The Moment
44%
The Slow Rush
44%
The Slow Rush B-Sides
44%
Tomorrow's Dust
44%
Turn Up The Sunshine
44%
Wander
44%
Why Won't They Talk To Me?
44%
Yes I'm Changing
44%
41 Mosquitoes Flying In Formation
33%
Endors Toi
33%
Expectation
33%
Feels Like We Only Go Backwards
33%
Gossip
33%
Half Full Glass Of Wine
33%
H.f.g.w
33%
Journey To The Real World
33%
Keep On Lying
33%
List Of People (To Try And Forget About)
33%
My Life
33%
Oblivion
33%
One Night/All Night
33%
Past Life
33%
Piece Of Heaven
33%
Reality In Motion
33%
Retina Show
33%
Runway Houses City Clouds
33%
She Just Won't Believe Me
33%
Slide Through My Fingers
33%
The Bold Arrow Of Time
33%
Wings Of Time
33%
41 Mojitos Poolside Dub
22%
Beverly Laurel
22%
Call My Phone Thinking I'm Doing Nothing Better
22%
Guilty Conscience
22%
Island Walking
22%
It Is Not Meant To Be
22%
No Choice
22%
Sestri Levante
22%
Sidetracked Soundtrack
22%
The Boat I Row
22%
Why Won't You Make Up Your Mind?
22%
Canyons Sunrise Reprise
11%
No matching quizzes found
Score Distribution
Percent of People with Each Score
Percentile by Number Answered
Your Score History
You have not taken this quiz